[Event "Dunedin New Year op"]
[Site "Dunedin"]
[Date "1999.??.??"]
[Round "6.7"]
[White "Jackson, L Ross"]
[Black "Wood, David A"]
[Result "1-0"]
[WhiteElo "1755"]
[BlackElo "1289"]
[PlyCount "33"]
[EventDate "1999.01.??"]
[EventType "swiss"]
[EventRounds "6"]
[EventCountry "NZL"]
[SourceTitle "EXT 2003"]
[Source "ChessBase"]
[SourceDate "2002.11.25"]
[SourceVersion "1"]
[SourceVersionDate "2002.11.25"]
[SourceQuality "1"]

1. Nf3 g6 2. d4 c5 3. c4 Bg7 4. Nc3 Nf6 5. e4 cxd4 6. Nxd4 d6 7. Be2 a6 8. 0-0 0-0 9. Be3 Bd7 10. Qd2 Ng4 11. Bg5 Nf6 12. h3 Nc6 13. Nb3 Qc7 14. Bxf6 Bxf6 15. Nd5 Qa5 16. Nxf6+ exf6 17. Nxa5 1-0

[Event "London SCCU op"]
[Site "London"]
[Date "1995.08.??"]
[Round "4"]
[White "Wood, David A"]
[Black "Richardson, John R"]
[Result "1/2-1/2"]
[WhiteElo "2285"]
[BlackElo "2295"]
[PlyCount "55"]
[EventDate "1995.08.14"]
[EventType "swiss"]
[EventRounds "9"]
[EventCountry "ENG"]
[SourceTitle "EXT 1999"]
[Source "ChessBase"]
[SourceDate "1998.11.16"]
[SourceVersion "1"]
[SourceVersionDate "1998.11.16"]
[SourceQuality "1"]

1. e4 e5 2. Nf3 Nc6 3. Bb5 Nge7 4. 0-0 g6 5. c3 Bg7 6. d4 exd4 7. cxd4 d5 8. exd5 Nxd5 9. Re1+ Be6 10. Ne5 0-0 11. Nxc6 bxc6 12. Bxc6 Rb8 13. Nc3 Nb4 14. Ba4 Qxd4 15. Be3 Qxd1 16. Rexd1 Nxa2 17. Nxa2 Bxb2 18. h3 a5 19. Bd4 Bxa1 20. Rxa1 Bb3 21. Nc3 Bxa4 22. Nxa4 Rfd8 23. Be3 Rb5 24. Nc3 Rb3 25. Na4 Rdb8 26. Kh2 R8b5 27. Ra2 f6 28. g3 1/2-1/2

[Event "Lloyds Bank op 18th"]
[Site "London"]
[Date "1994.??.??"]
[Round "5"]
[White "De la Villa Garcia, Jesus Maria"]
[Black "Wood, David A"]
[Result "1/2-1/2"]
[WhiteElo "2490"]
[BlackElo "2295"]
[PlyCount "56"]
[EventDate "1994.08.??"]
[EventType "swiss"]
[EventRounds "10"]
[EventCountry "ENG"]
[SourceTitle "EXT 2000"]
[Source "ChessBase"]
[SourceDate "1999.11.16"]
[SourceVersion "1"]
[SourceVersionDate "1999.11.16"]
[SourceQuality "1"]

1. e4 e6 2. d4 d5 3. Nc3 dxe4 4. Nxe4 Nd7 5. Nf3 Ngf6 6. Bd3 Nxe4 7. Bxe4 Nf6 8. Bd3 b6 9. Bg5 Bb7 10. Qe2 Be7 11. 0-0-0 0-0 12. h4 h6 13. Bd2 c5 14. dxc5 bxc5 15. Rh3 Bxf3 16. Rxf3 Qb6 17. Bc3 Rfd8 18. Rg3 Kf8 19. b3 Rd7 20. Bc4 Rxd1+ 21. Kxd1 Rd8+ 22. Ke1 Qc7 23. Rd3 Nd5 24. Bxd5 exd5 25. Be5 Qa5+ 26. Bc3 Qc7 27. Be5 Qa5+ 28. Bc3 Qc7 1/2-1/2

[Event "Lloyds Bank op 18th"]
[Site "London"]
[Date "1994.??.??"]
[Round "1"]
[White "Frias Pablaza, Victor J"]
[Black "Wood, David A"]
[Result "1-0"]
[WhiteElo "2480"]
[BlackElo "2295"]
[PlyCount "123"]
[EventDate "1994.08.??"]
[EventType "swiss"]
[EventRounds "10"]
[EventCountry "ENG"]
[SourceTitle "EXT 2000"]
[Source "ChessBase"]
[SourceDate "1999.11.16"]
[SourceVersion "1"]
[SourceVersionDate "1999.11.16"]
[SourceQuality "1"]

1. d4 Nf6 2. Nf3 g6 3. g3 Bg7 4. Bg2 0-0 5. 0-0 d6 6. c4 Nbd7 7. Qc2 e5 8. Rd1 Qe7 9. Nc3 c6 10. b3 Re8 11. e4 exd4 12. Nxd4 Nc5 13. f3 Nfd7 14. Kh1 a5 15. Bf4 h5 16. Rd2 Ne5 17. Rf1 Qc7 18. Be3 Qe7 19. h3 h4 20. g4 Bd7 21. g5 f5 22. gxf6 Qxf6 23. f4 Nf7 24. Nde2 Rad8 25. e5 Qf5 26. Qd1 Bc8 27. Nd4 Qh5 28. Qxh5 gxh5 29. Nf3 Nd7 30. Nxh4 dxe5 31. f5 Nf6 32. Rfd1 Rxd2 33. Rxd2 Nh6 34. Ne4 Nf7 35. Bf3 Nxe4 36. Bxe4 Bf6 37. Nf3 Rd8 38. Rg2+ Kf8 39. Rg6 Ke7 40. Bc5+ Nd6 41. Ba3 Kf7 42. Ng5+ Bxg5 43. Bxd6 Bf6 44. c5 b6 45. Bd3 b5 46. a4 Bd7 47. axb5 cxb5 48. Be4 Bxf5 49. Bxf5 a4 50. bxa4 bxa4 51. Rg3 Be7 52. Bxe7 Kxe7 53. Rc3 Rd1+ 54. Kg2 Kd8 55. Kf3 Kc7 56. Ke4 Re1+ 57. Kd5 h4 58. Be4 Rg1 59. Kxe5 Rg3 60. Rxg3 hxg3 61. Kd4 a3 62. Kc3 1-0

[Event "Lloyds Bank op 17th"]
[Site "London"]
[Date "1993.??.??"]
[Round "9"]
[White "Arkell, Keith C"]
[Black "Wood, David A"]
[Result "1-0"]
[WhiteElo "2475"]
[BlackElo "2270"]
[PlyCount "79"]
[EventDate "1993.08.??"]
[EventType "swiss"]
[EventRounds "10"]
[EventCountry "ENG"]
[SourceTitle "EXT 1998"]
[Source "ChessBase"]
[SourceDate "1997.11.17"]
[SourceVersion "1"]
[SourceVersionDate "1997.11.17"]
[SourceQuality "1"]

1. d4 Nf6 2. Nf3 g6 3. c4 Bg7 4. Nc3 0-0 5. g3 d6 6. Bg2 Nbd7 7. 0-0 e5 8. Qc2 Qe7 9. Rd1 c6 10. b3 Re8 11. e3 Nf8 12. dxe5 dxe5 13. a4 e4 14. Ba3 c5 15. Nd4 Bg4 16. Rd2 Qe5 17. Ndb5 Rad8 18. Rxd8 Rxd8 19. Bb2 Qh5 20. Nc7 Bf3 21. N3d5 N8d7 22. Nf4 Qh6 23. h4 g5 24. hxg5 Qxg5 25. Bxf3 exf3 26. Rd1 Rf8 27. Ncd5 Re8 28. Nxf6+ Nxf6 29. Bxf6 Qxf6 30. Qd3 Bh6 31. Qd7 Qe7 32. Qg4+ Kh8 33. Qxf3 Bg7 34. Nd5 Qe4 35. Qxe4 Rxe4 36. Nf4 h6 37. Rd7 Bf8 38. Rxb7 a6 39. Rb6 a5 40. Rb5 1-0

[Event "Lloyds Bank op 17th"]
[Site "London"]
[Date "1993.??.??"]
[Round "1"]
[White "Naumkin, Igor"]
[Black "Wood, David A"]
[Result "1/2-1/2"]
[WhiteElo "2450"]
[BlackElo "2270"]
[PlyCount "83"]
[EventDate "1993.08.??"]
[EventType "swiss"]
[EventRounds "10"]
[EventCountry "ENG"]
[SourceTitle "EXT 1998"]
[Source "ChessBase"]
[SourceDate "1997.11.17"]
[SourceVersion "1"]
[SourceVersionDate "1997.11.17"]
[SourceQuality "1"]

1. d4 Nf6 2. c4 g6 3. Nc3 Bg7 4. e4 d6 5. Nf3 0-0 6. Be2 e5 7. d5 a5 8. Bg5 h6 9. Bh4 Na6 10. Nd2 Qe8 11. 0-0 Nh7 12. a3 Bd7 13. b3 h5 14. f3 Bh6 15. Kh1 Be3 16. Rb1 f5 17. exf5 gxf5 18. f4 exf4 19. Bxh5 Qe5 20. Ne2 Nc5 21. Nf3 Qg7 22. g3 fxg3 23. Nxg3 f4 24. Re1 Nf6 25. Bxf6 Rxf6 26. Rxe3 fxe3 27. Qd4 Rxf3 28. Qxg7+ Kxg7 29. Bxf3 Rf8 30. Be2 Rf2 31. Rg1 Kh8 32. b4 axb4 33. axb4 Nb3 34. Rf1 Rxf1+ 35. Bxf1 Bg4 36. Be2 Bxe2 37. Nxe2 Nd2 38. Kg2 Nxc4 39. Kf3 c6 40. dxc6 bxc6 41. Nd4 c5 42. bxc5 1/2-1/2

[Event "Ostend op"]
[Site "Ostend"]
[Date "1993.??.??"]
[Round "8"]
[White "Wood, David A"]
[Black "Schmittdiel, Eckhard"]
[Result "1/2-1/2"]
[WhiteElo "2270"]
[BlackElo "2410"]
[PlyCount "38"]
[EventDate "1993.09.??"]
[EventType "swiss"]
[EventRounds "9"]
[EventCountry "BEL"]
[SourceTitle "TD"]
[Source "ChessBase"]
[SourceDate "1994.03.01"]
[SourceVersion "1"]
[SourceVersionDate "1994.03.01"]
[SourceQuality "1"]

1. e4 e6 2. d4 d5 3. Nc3 Nf6 4. e5 Nfd7 5. f4 a6 6. Nf3 b5 7. Be3 b4 8. Na4 Bb7 9. b3 Bc6 10. Nb2 Bb5 11. Nd3 Nc6 12. Qd2 a5 13. Be2 Ne7 14. 0-0 h5 15. c3 Nf5 16. Bf2 Be7 17. cxb4 axb4 18. Rfc1 c6 19. Rc2 Qb6 1/2-1/2

[Event "Ostend op"]
[Site "Ostend"]
[Date "1993.??.??"]
[Round "5"]
[White "Wood, David A"]
[Black "Van Laatum, Gozewijn"]
[Result "0-1"]
[WhiteElo "2270"]
[BlackElo "2400"]
[PlyCount "48"]
[EventDate "1993.09.??"]
[EventType "swiss"]
[EventRounds "9"]
[EventCountry "BEL"]
[SourceTitle "TD"]
[Source "ChessBase"]
[SourceDate "1994.03.01"]
[SourceVersion "1"]
[SourceVersionDate "1994.03.01"]
[SourceQuality "1"]

1. e4 c5 2. Nf3 e6 3. d4 cxd4 4. Nxd4 Nf6 5. Nc3 Bb4 6. e5 Nd5 7. Bd2 Nxc3 8. bxc3 Be7 9. Qg4 0-0 10. Bd3 d6 11. Bh6 g6 12. h4 dxe5 13. Nf3 f5 14. Qg3 e4 15. h5 exf3 16. hxg6 Bf6 17. Bxf8 Qxf8 18. Qc7 Nd7 19. Bxf5 Qc5 20. Bxe6+ Kg7 21. Qxc5 Nxc5 22. Bxc8 Bxc3+ 23. Kf1 Bxa1 24. Bxb7 Rb8 0-1

[Event "Ostend op"]
[Site "Ostend"]
[Date "1993.??.??"]
[Round "3"]
[White "Wood, David A"]
[Black "Wells, Peter K"]
[Result "0-1"]
[WhiteElo "2270"]
[BlackElo "2455"]
[PlyCount "82"]
[EventDate "1993.09.??"]
[EventType "swiss"]
[EventRounds "9"]
[EventCountry "BEL"]
[SourceTitle "TD"]
[Source "ChessBase"]
[SourceDate "1994.03.01"]
[SourceVersion "1"]
[SourceVersionDate "1994.03.01"]
[SourceQuality "1"]

1. e4 c5 2. Nf3 e6 3. d4 cxd4 4. Nxd4 Nf6 5. Nc3 Nc6 6. Ndb5 d6 7. Bf4 e5 8. Bg5 a6 9. Na3 b5 10. Bxf6 gxf6 11. Nd5 Bg7 12. Bd3 Ne7 13. Nxe7 Qxe7 14. 0-0 0-0 15. Qf3 f5 16. exf5 d5 17. Qxd5 Bb7 18. Qb3 e4 19. Rae1 Rfd8 20. Re3 Rd4 21. c4 Rdd8 22. Be2 Rd2 23. Nc2 Be5 24. cxb5 Qc5 25. Bc4 axb5 26. Bxf7+ Kh8 27. Ne1 Rxb2 28. Qe6 Bc8 29. Qh6 Bxf5 30. Qg5 Rf8 31. Bb3 Bg6 32. h4 Bd4 33. Qxc5 Bxc5 34. Nc2 Bxe3 35. fxe3 Rxf1+ 36. Kxf1 Kg7 37. Nd4 Be8 38. Ne6+ Kf6 39. Ng5 Bg6 40. Kg1 h6 41. Ne6 Rxb3 0-1

[Event "Lloyds Bank op 11th"]
[Site "London"]
[Date "1987.??.??"]
[Round "1"]
[White "Wood, David A"]
[Black "Wiedenkeller, Michael"]
[Result "0-1"]
[WhiteElo "2275"]
[BlackElo "2450"]
[PlyCount "82"]
[EventDate "1987.08.??"]
[EventType "swiss"]
[EventRounds "11"]
[EventCountry "ENG"]
[SourceTitle "TD"]
[Source "ChessBase"]
[SourceDate "1994.03.01"]
[SourceVersion "1"]
[SourceVersionDate "1994.03.01"]
[SourceQuality "1"]

1. e4 e6 2. d4 d5 3. Nd2 Nf6 4. e5 Nfd7 5. f4 c5 6. c3 Nc6 7. Ndf3 Qb6 8. g3 Be7 9. Bh3 cxd4 10. cxd4 0-0 11. Ne2 f6 12. Bxe6+ Kh8 13. exf6 Nxf6 14. Bxc8 Bb4+ 15. Kf1 Raxc8 16. Kg2 Ne4 17. Qd3 Bd6 18. a3 Na5 19. Rb1 Nc4 20. Rd1 a5 21. Neg1 Qc7 22. Nh3 Nb6 23. Ne1 h6 24. Be3 Nc4 25. Bc1 b5 26. Nf3 Nb6 27. Ne1 Qc4 28. Nf2 Nxf2 29. Kxf2 Qa2 30. Rd2 Nc4 31. Re2 Rfe8 32. Rxe8+ Rxe8 33. Kf1 Re4 34. Nf3 a4 35. f5 Be7 36. h3 Bf6 37. Bf4 Bxd4 38. Rd1 Nxb2 39. Qc2 Bf6 40. Nd2 Re8 41. Qc6 Rf8 0-1